| 000 | 00672nam a2200217 i 4500 | ||
|---|---|---|---|
| 001 | 121930 | ||
| 003 | ES-MaACL | ||
| 005 | 20250805062424.0 | ||
| 007 | t| | ||
| 008 | 070214s1941 sp |||| |bspa d | ||
| 080 | _a929 Carlos (460) I | ||
| 080 | _a94(460)"1516/56" | ||
| 100 | 1 |
_aPoch Noguer, José. _992696 |
|
| 245 | 1 | 0 |
_aCarlos V, emperador de Occidente y señor de dos mundos / _cJosé Poch Noguer. |
| 260 |
_aBarcelona : _bJuventud, _c1941. |
||
| 300 |
_a225 p. ; _c23 cm. |
||
| 600 | 0 | 4 |
_aCarlos _bI, _cRey de España _935296 |
| 651 | 4 |
_aEspaña- _xHistoria- _y1516-1556, Carlos I. _98224 |
|
| 852 |
_aES-MaACL _jB-9548 |
||
| 999 |
_c121930 _d121930 |
||